| 000 | 00784nam a2200181 i 4500 | ||
|---|---|---|---|
| 001 | 160882 | ||
| 003 | ES-MaACL | ||
| 005 | 20250730063142.0 | ||
| 008 | 041004s1857 sp |||| | spa d | ||
| 040 |
_aCAM _bspa _cCAM |
||
| 100 | 1 |
_aOchoa de Alda, Teodoro, _d1803-1878 _9130591 |
|
| 245 | 1 | 0 |
_aDon Olegario _b: zarzuela en un acto / _coriginal de Teodoro Ochoa de Alda ; música del maestro Santiago Gelos. |
| 260 |
_aMadrid : _b[s.n.], _c1857 ( _fImprenta á cargo de Francisco Sales) |
||
| 300 |
_a27 p. ; _c19 cm. |
||
| 700 | 1 |
_aGelos, Santiago. _9127278 |
|
| 852 |
_aES-MaACL _jF-8557(7) _z-- Enc. pasta española _q-- Falto de la cub. original _z-- Enc. en un vol. facticio formando parte de la col. facticia "Teatro español moderno", v.9 |
||
| 999 |
_c160882 _d160882 |
||